| Registos Bibliográficos associados ao registo de autoridade |
|
Etiqueta de registo: 01240cam 2200253 450 001 1056513 003 http://id.bnportugal.gov.pt/bib/catbnp/1056513 005 20010518123700.0 100 ## $a20010518d1738 k y0pory0103 ba 101 0# $alat 102 ## $aDX 105 ## $ay z 000yy 106 ## $ar 200 1# $aAuctoritas et infallibilitas Summorum Pontificum in fidei et morum quaestionibus definiendis
stabilita, et adversùs... Benignum Bossuet, Episcopum Meldensem...$fper P. Gallum Cartier... 210 #9 $aAugustae Vindelicorum$csumpt. Francisci Antonii Strötter$cTypis Antonii Maximiliani Heiss,$d1738 215 ## $a[8], 350 p. a 2 colns.$d4º (24 cm) 307 ## $aTexto a 2 col. com apostilhas marginais 307 ## $aF. de rosto impressa a preto e vermelho 307 ## $aCabeção e capital xilogr. 307 ## $aAss.: )(//4, A-Z//4, AA-XX//4 316 ## $aExemplar profusamente anotado nas pastas, guardas e texto a tinta preta, com a inclusão
de várias folhas suplementares de notas manuscritas$5PTBN: VAR. 4674 317 ## $aPert. na f. de rosto: «Bibliotheca do Convento de Varatojo» (carimbo)$5PTBN: VAR. 4674//1 321 1# $aICCU IT\ICCU\MILE\052957 620 ## $dAugsburg 700 #1 $aCartier,$bGall,$f1693-1777,$cO.S.B.$3991164 701 #1 $aPetit Didier,$bMathieu$4070$3991165 702 #1 $aTournely,$bHonoré,$f1658-1729$4100$3692454 702 #1 $aBossuet,$bJacques Benigne,$f1627-1704$4100$326807 702 #1 $aStrötter,$bFranz Anton,$ffl. 1728-1743$4650$31811738 702 #1 $aHeiss,$bAnton Maximilian,$ffl. 1718-1748$4610$3175740 712 02 $aOrdem dos Frades Menores.$bMissionários Apostólicos.$bConvento de Santo António$c(Varatojo, Torres Vedras)$4390$353952 801 #0 $aPT$bBN$gRPC 856 40 $2Cópia digital disponível em Google Books$uhttps://books.google.pt/books?id=qhBJAQAAMAAJ&hl=pt-PT&pg=PP7#v=onepage&q&f=false 966 ## $lBN$mFGMON$sVAR. 4654//1$x0 997 ## $aBIBEOD
Etiqueta de registo: 00575cam 2200205 450 001 524795 003 http://id.bnportugal.gov.pt/bib/catbnp/524795 005 19990103000000.0 095 ## $aPTBN00727845 100 ## $a19950506d1725 m y0pory0103 ba 101 0# $alat 102 ## $aDE 200 1# $aRegula sacra Sancti Patris nostri Benedicti 205 ## $aEditio secunda 210 #9 $aAugustae Vindelicorum$cTypis Antonii Maximiliani Heiss,$d11725 215 ## $a122, [6] p. 620 ## $dAugsburg 700 #1 $aErhard,$bThomas Aquinas,$f1675-1743$3175739 702 #1 $aHeiss,$bAnton Maximilian,$ffl. 1718-1748$4610$3175740 801 #0 $aPT$bBN$gRPC 966 ## $lBN$mFGMON$sS.C. 4973//1 P. 997 ## $aBIBEOD
Etiqueta de registo: 00606cam 2200193 450 001 524796 003 http://id.bnportugal.gov.pt/bib/catbnp/524796 005 19990103000000.0 095 ## $aPTBN00727846 100 ## $a19950506d1723 m y0pory0103 ba 101 0# $alat 102 ## $aDE 200 1# $aConcordantiae novae in sacram regulam sanctissimi ac gloriosissimi Patris gratia &
nomine Benedicti 210 #9 $aAugustae Vindelicorum$cTypis Antonii Maximiliani Heiss,$d11723 215 ## $a[23], 187, [1] p. 620 ## $dAugsburg 700 #1 $aErhard,$bThomas Aquinas,$f1675-1743$3175739 702 #1 $aHeiss,$bAnton Maximilian,$ffl. 1718-1748$4610$3175740 801 #0 $aPT$bBN$gRPC 966 ## $lBN$mFGMON$sS.C. 4973//2 P. 997 ## $aBIBEOD
Etiqueta de registo: 00254nam 2200025 450 001 2073012 003 http://id.bnportugal.gov.pt/bib/catbnp/2073012 100 ## $a20210616d1738 m y0pory01030103ba 101 0# $alat 102 ## $aIT 105 ## $ay z 000yy 106 ## $ar 200 1# $aDissertatio historico-theologica in qua examinatur, quaenam mens fuerit Concilii constantiensis,
praecipuorumque, qui eidem interfuerunt, theologorum, circa auctoritatem, & infallibilitatem
summorum pontificum? Quam sequitur alia dissertatio in qua examinatur, an summorum
pontificum in fidei quaestionibus infallibilitas libertates ecclesiae gallicanae evertat?$f Per ... d. Matthaeum Petitdidier ... $gquas e gallico in latinum transtulit p. Gallus Cartier, ... 210 #9 $aAugustae Vindelicorum$csumptibus Francisci Antonii Strötter bibliopole, typis Antonii Maximiliani Heiss,
reverendissimi & celsissimi principis, & episcopi constantiensis typogr. aulici,$d1738 215 ## $a[8], 78, [2] p.$d4º(24 cm) 307 ## $aTexto a 2 colns. com apostilhas marginais 307 ## $aCabeção e Capitais xilogr. 307 ## $aAss.: )(//4, A-K//4 316 ## $aExemplar profusamente anotado nas pastas, guardas e texto a tinta preta, com a inclusão
de várias folhas suplementares de notas manuscritas$5PTBN: VAR. 4674 317 ## $aPert. na f. de rosto: «Bibliotheca do Convento de Varatojo» (carimbo)$5PTBN: VAR. 4654//2 321 1# $aICCU IT\ICCU\MILE\052958 517 1# $aDissertatio in qua examinatur, num summorum pontificum in fidei quaestionibus in fidei
quaestionibus infallibilitas ecclesiae gallicanae libertates destruat 700 #1 $aPetitdidier,$b Mathieu,$f1659-1728$3317891 702 #1 $aCartier,$bGall,$f1693-1777,$cO.S.B.$4730$3991164 702 #1 $aStrötter,$bFranz Anton,$ffl. 1728-1743$4610$31811738 702 #1 $aHeiss,$bAnton Maximilian,$ffl. 1718-1748$4610$3175740 712 02 $aOrdem dos Frades Menores.$bMissionários Apostólicos.$bConvento de Santo António$c(Varatojo, Torres Vedras)$4390$353952 801 #0 $aPT$bBN$gRPC 856 40 $2Cópia digital disponível em bibliothèque numérique de Lyon$uhttps://numelyo.bm-lyon.fr/f_view/BML:BML_00GOO0100137001102121253 966 ## $lBN$mFGMON$sVAR. 4654//2
Etiqueta de registo: 00254nam 2200025 450 001 2283853 003 http://id.bnportugal.gov.pt/bib/catbnp/2283853 100 ## $a20260407d1724 m y0pory01030103ba 101 0# $alat 102 ## $aDX 105 ## $aa z 000yy 106 ## $ar 200 1# $aLibri quatuor de Imitatione Christi$fmagni, et ven. servi Dei Joannis Gersen de Canabaco, ordinis Sancti Benedicti, abbatis
Vercellensi in Italia, ad commodiorem usum in versus distributi$guna cum novis concordantiis studio R. P. Thome Aq. Erhard Benedictini Wessofontani... 210 #9 $aAugustae Vindelicorum$csumptibus Joannis Strötter Bibliop.$ctypis Antonii Maximiliani Heis,$d1724 215 ## $a[56], 280 p.$cil.$d8º (17 cm) 307 ## $aAnterrosto calcogr. 307 ## $aF. de rosto impressa a preto e vermelho 307 ## $aAssin.: )(-)()()(//8, )()()()(//4, A-R//8, S//4 321 ## $aBayerische Staatsbibliothek BV011805816 321 ## $aICCU IT\ICCU\TO0E\038789 620 ## $dAugsburg 700 #1 $aGerson,$bJean Charlier de,$f1369-1429$332485 702 #1 $aErhard,$bThomas Aquinas,$f1675-1743$4340$3175739 702 #1 $aStrötter,$bJohann,$ffl. 1699-1731?$4650$31994972 702 #1 $aHeiss,$bAnton Maximilian,$ffl. 1718-1748$4610$3175740 801 #0 $aPT$bBN$gRPC 856 40 $2Cópia digital disponível em Bayerische Staatsbibliothek$uhttps://www.digitale-sammlungen.de/view/bsb11297117?page=2%2C3 966 ## $lBN$mFGMON$sR. 1727//1 P. 971 ## $cpmesqui$d20260407 997 ## $aBIBEOD
Etiqueta de registo: 00254nam 2200025 450 001 2283917 003 http://id.bnportugal.gov.pt/bib/catbnp/2283917 100 ## $a20260408d1724 m y0pory01030103ba 101 0# $alat 102 ## $aDX 105 ## $aa z 000yy 106 ## $ar 200 1# $aDe imitatione Christi libri quatuor$fauctore venerabili viro Joanne Gersene de Canabaco, ordinis Sancti Benedicti, abbate
Vercellensi$gelegiace redditi paraphraste R. P. F. Thoma Mezlero monacho Zwifaltensi opera R. P.
Thomae Aq. Erhard benedictini Wessofontani de novo editi 205 ## $aEditio tertia 210 #9 $aAugustae Vindelicorum$csumptibus Joannis Strötter Bibliop.$ctypis Antonii Maximiliani Heis,$d1724 215 ## $a[22], 182 p.$cil.$d8º (17 cm) 307 ## $aAnterrosto calcogr. 307 ## $aF. de rosto impressa a preto e vermelho 307 ## $aAssin.: a//[8], b//4, A-L//8, M//4 321 ## $aICCU IT\ICCU\TO0E\038790 620 ## $dAugsburg 700 #1 $aGerson,$bJean Charlier de,$f1369-1429$332485 702 #1 $aMezler,$bThomas,$ffl. 1650$4340$31995068 702 #1 $aErhard,$bThomas Aquinas,$f1675-1743$4340$3175739 702 #1 $aStrötter,$bJohann,$ffl. 1699-1731?$4650$31994972 702 #1 $aHeiss,$bAnton Maximilian,$ffl. 1718-1748$4610$3175740 801 #0 $aPT$bBN$gRPC 856 40 $2Cópia digital disponível em Österreichische Nationalbibliothek$uhttps://viewer.onb.ac.at/10992D07/3 966 ## $lBN$mFGMON$sR. 1727//2 P. 971 ## $cpmesqui$d20260408 997 ## $aBIBEOD
|
|
|